| 000 | 00764nam a2200289Ia 4500 | ||
|---|---|---|---|
| 001 | Z_1320 | ||
| 003 | CHAP | ||
| 008 | 220113s1985 xx 000 0 und d | ||
| 010 | _a164408 | ||
| 040 | _cCHAP | ||
| 082 | _a633.2 B37 | ||
| 100 |
_aBarnes, Robert F ,ed. _9138563 |
||
| 245 |
_aForage legumes for energy-efficient animal production / _ced. by Robert F. Barnes [and others] |
||
| 260 |
_aSpringfield, Va. : _bAgricultural Research Service, _c1985 |
||
| 300 |
_a323 p. : _bilus |
||
| 440 | _a | ||
| 500 | _a | ||
| 503 | _a146925, 161694 | ||
| 650 |
_aEnergía metabólica I.t. _9138564 |
||
| 650 |
_aPlantas forrajeras _988943 |
||
| 901 | _a633.2 B37 | ||
| 902 | _aA | ||
| 910 | _a1985 | ||
| 942 | _c1 | ||
| 942 | _cc1 | ||
| 999 |
_c164408 _d164408 |
||